Proceedings of the 1988 Workshop on Computational Learning Theory / MIT August 3-5, 1988 (Record no. 1408)
[ view plain ]
| 000 -LEADER | |
|---|---|
| fixed length control field | 01039cam a22002054a 4500 |
| 005 - ΗΜΕΡΟΜΗΝΙΑ ΚΑΙ ΩΡΑ ΤΕΛΕΥΤΑΙΑΣ ΕΝΗΜΕΡΩΣΗΣ | |
| Πεδίο ελέγχου | 20250605164008.0 |
| 008 - FIXED-LENGTH DATA ELEMENTS--GENERAL INFORMATION | |
| Πεδίο ελέγχου σταθερού μήκους | 250528s ||||||||||||||||||||||||d |
| 035 ## - SYSTEM CONTROL NUMBER | |
| System control number | 15858 |
| 020 ## - ISBN | |
| ISBN | 558690195 |
| 040 ## - ΠΗΓΗ ΚΑΤΑΛΟΓΟΓΡΑΦΗΣΗΣ | |
| Φορέας πρωτότυπης καταλογογράφησης | MC Athens Campus Library |
| Γλώσσα καταλογογράφησης | Ελληνικά, Μοντέρνα (1453-) |
| Modifying agency | MC Athens Campus Library |
| Κανόνες περιγραφικής καταλογογράφησης | AACR2 |
| 245 1# - ΤΙΤΛΟΣ ΚΑΙ ΔΗΛΩΣΗ ΥΠΕΥΘΥΝΟΤΗΤΑΣ | |
| Τίτλος | Proceedings of the 1988 Workshop on Computational Learning Theory / MIT August 3-5, 1988 |
| 260 ## - PUBLICATION, DISTRIBUTION, ETC. | |
| Name of publisher, distributor, etc. | Morgan Kaufmann Publishers, Inc |
| 300 ## - PHYSICAL DESCRIPTION | |
| Extent | 436 |
| 520 ## - SUMMARY, ETC. | |
| Summary, etc. | This volume brings together research from a variety of specializations focusing on rigorous and formal analyses of theoretical issues in machine learning. Foreword, Acknowledgements, Technical Papers, Neural Networks, Extensions and Comparisons of Computational Learning Models, Topics in the Complexity of Learning, Learning in the Limit - Selected Issues, Prediction, Learning Formal Languages and Automata, Panel Discussion Report, Abstracts of Work in Progress, Author Index. |
| 700 1# - ΠΡΟΣΘΕΤΗ ΑΝΑΓΡΑΦΗ--ΦΥΣΙΚΟ ΠΡΟΣΩΠΟ | |
| Personal name | Haussler David |
| 9 (RLIN) | 1877 |
| 700 1# - ΠΡΟΣΘΕΤΗ ΑΝΑΓΡΑΦΗ--ΦΥΣΙΚΟ ΠΡΟΣΩΠΟ | |
| Personal name | Pitt Leonard |
| 9 (RLIN) | 1878 |
| 942 ## - ADDED ENTRY ELEMENTS (KOHA) | |
| Koha item type | Books |
| Τύπος τεκμηρίου | Βιβλιοθήκη | Τρέχουσα τοποθεσία | Barcode | Αριθμός εισαγωγής | Ημερομηνία απόκτησης | Ταξιθετικό σύμβολο | Αριθμός αντιτύπου | Κατάσταση απόσυρσης | Κατάσταση χαμένου | Κατάσταση κατεστραμμένου | Μη δανεισμός | Σύνολο δανεισμών | Ημερομηνία τελευταίας εμφάνισης | Η τιμή ισχύει από |
|---|---|---|---|---|---|---|---|---|---|---|---|---|---|---|
| Books | MC Athens Campus Library | MC Athens Campus Library | 9780000014078 | 2466 | 05/06/2025 | 006.3/1 HAU | 1 | 05/06/2025 | 05/06/2025 |